000 00344nam a2200145Ia 4500
003 OSt
005 20240115144804.0
008 170523s9999 xx 000 0 und d
020 _a8120320999
040 _ciimt university meerut
100 _aLAUDON
245 0 _aMANAGEMENT INFORMATION SYSTEM
260 _bTATA MC GRAW HILL
942 _2ddc
_c02
999 _c1753
_d1753